000 00704nam a2200241 4500
001 6024
010 _a9789899986312
090 _a6024
100 _a20250930d2017 m y0pory50030103ba
200 1 _aO tesouro do bosque
_epoesia
_fLia C.
_gpref. Celina da Piedade ; il. Telmo Lopes
210 9 _a[S.l.
_cs.n.],
_dcop. 2017
215 _a[57] p.
_cil.
606 _914
_aLiteratura infantil
606 _915
_aLiteratura Portuguesa
606 _993
_aPoesia
675 _a82-93
_vBN
_zpor
675 _a821.134.3
_vBN
_zpor
700 _aC.
_bLia
_f1975-
_93486
702 _aLopes
_bTelmo
_95711
702 _aPiedade
_bCelina da
_f1979-
_95712
801 0 _aPT
_bBEN2VN
_gRPC
830 _cTânia Croca
_d30/09/2025
990 _cLIVROS